<?xml version="1.0" encoding="UTF-8"?><?xml-stylesheet type="text/xsl" href="static/style.xsl"?><OAI-PMH xmlns="http://www.openarchives.org/OAI/2.0/" xmlns:xsi="http://www.w3.org/2001/XMLSchema-instance" xsi:schemaLocation="http://www.openarchives.org/OAI/2.0/ http://www.openarchives.org/OAI/2.0/OAI-PMH.xsd"><responseDate>2026-04-18T04:37:57Z</responseDate><request verb="GetRecord" identifier="oai:www.recercat.cat:11351/12303" metadataPrefix="marc">https://recercat.cat/oai/request</request><GetRecord><record><header><identifier>oai:recercat.cat:11351/12303</identifier><datestamp>2025-10-24T10:22:12Z</datestamp><setSpec>com_2072_378070</setSpec><setSpec>com_2072_378040</setSpec><setSpec>col_2072_378092</setSpec></header><metadata><record xmlns="http://www.loc.gov/MARC21/slim" xmlns:dcterms="http://purl.org/dc/terms/" xmlns:xsi="http://www.w3.org/2001/XMLSchema-instance" xmlns:doc="http://www.lyncode.com/xoai" xsi:schemaLocation="http://www.loc.gov/MARC21/slim http://www.loc.gov/standards/marcxml/schema/MARC21slim.xsd">
   <leader>00925njm 22002777a 4500</leader>
   <datafield ind2=" " ind1=" " tag="042">
      <subfield code="a">dc</subfield>
   </datafield>
   <datafield ind2=" " ind1=" " tag="720">
      <subfield code="a">Zacarías, Adriano</subfield>
      <subfield code="e">author</subfield>
   </datafield>
   <datafield ind2=" " ind1=" " tag="720">
      <subfield code="a">Terán, Rafael</subfield>
      <subfield code="e">author</subfield>
   </datafield>
   <datafield ind2=" " ind1=" " tag="720">
      <subfield code="a">Nindia, Arlete</subfield>
      <subfield code="e">author</subfield>
   </datafield>
   <datafield ind2=" " ind1=" " tag="720">
      <subfield code="a">Aixut, Sandra</subfield>
      <subfield code="e">author</subfield>
   </datafield>
   <datafield ind2=" " ind1=" " tag="720">
      <subfield code="a">Martínez-Campreciós, Joan</subfield>
      <subfield code="e">author</subfield>
   </datafield>
   <datafield ind2=" " ind1=" " tag="720">
      <subfield code="a">Aznar, María Luisa</subfield>
      <subfield code="e">author</subfield>
   </datafield>
   <datafield ind2=" " ind1=" " tag="720">
      <subfield code="a">Espinosa-Pereiro, Juan</subfield>
      <subfield code="e">author</subfield>
   </datafield>
   <datafield ind2=" " ind1=" " tag="720">
      <subfield code="a">Sulleiro, Elena</subfield>
      <subfield code="e">author</subfield>
   </datafield>
   <datafield ind2=" " ind1=" " tag="720">
      <subfield code="a">Tórtola Fernández, María Teresa</subfield>
      <subfield code="e">author</subfield>
   </datafield>
   <datafield ind2=" " ind1=" " tag="720">
      <subfield code="a">SÁNCHEZ-MONTALVÁ, ADRIÁN</subfield>
      <subfield code="e">author</subfield>
   </datafield>
   <datafield ind2=" " ind1=" " tag="720">
      <subfield code="a">Molina Romero, Israel</subfield>
      <subfield code="e">author</subfield>
   </datafield>
   <datafield ind2=" " ind1=" " tag="260">
      <subfield code="c">2024-12-03T13:58:14Z</subfield>
   </datafield>
   <datafield ind2=" " ind1=" " tag="260">
      <subfield code="c">2024-12-03T13:58:14Z</subfield>
   </datafield>
   <datafield ind2=" " ind1=" " tag="260">
      <subfield code="c">2024-12</subfield>
   </datafield>
   <datafield ind2=" " ind1=" " tag="520">
      <subfield code="a">Drug-resistance; Pragmatic trial; Tuberculosis</subfield>
   </datafield>
   <datafield ind2=" " ind1=" " tag="520">
      <subfield code="a">Resistència a medicaments; Assaig pragmàtic; Tuberculosi</subfield>
   </datafield>
   <datafield ind2=" " ind1=" " tag="520">
      <subfield code="a">Resistencia a medicamentos; Ensayo pragmático; Tuberculosis</subfield>
   </datafield>
   <datafield ind2=" " ind1=" " tag="520">
      <subfield code="a">Background&#xd;
Short all-oral regimens for Rifampicin-resistant tuberculosis (ShORRT) have been a turning point in the treatment of drug-resistant tuberculosis. Despite this, access to drugs, stockouts, or adverse effects may limit the use of the recommended regimens.&#xd;
Methods&#xd;
Pragmatic non-randomized trial evaluating the efficacy and safety of a ShORRT strategy for the treatment of rifampicin-resistant Tuberculosis (RR-TB) at the Hospital Nossa Senhora da Paz (Angola). The strategy assigned participants to receive a bedaquiline (BDQ) or a linezolid-based (LZF) regimen supplemented with levofloxacin, clofazimine, and cycloserine for up to 9 months.&#xd;
Results&#xd;
One hundred and twenty-one participants with pulmonary RR-TB were treated with the ShORRT strategy; 69 received the bedaquiline- and 52 the linezolid-based regimen. Overall, 98 (81%) participants had successful treatment outcomes, which was significantly higher compared to a 20-month historical injectable-based regimen (successful outcome rate including cure and treatment completed: 53.7%) (p &lt; 0.001). No significant differences between treatment success rates (85.5% vs. 75.0%), treatment failure (0.0% vs. 1.9%), death (5.8% vs. 13.5%), or lost to follow-up (LTFU) (8.7% vs. 9.6%) were seen between the BDQ and the LZF-based regimen. Globally, 72 adverse events (AE) occurred in 36 (29.7%) participants. Eighteen (14.9%) of these were grade ≥3 and were more frequently observed in those receiving the LZD-based regimen (p = 0.02).&#xd;
Conclusion&#xd;
The ShORRT strategy with a nine-month BDQ- or LZD-based regimen supports the efficacy of shorter all-oral regimens for the treatment of RR-TB and presents real-world data from schemes without bedaquiline, nitroimidazole, or injectables.</subfield>
   </datafield>
   <datafield ind1="8" ind2=" " tag="024">
      <subfield code="a">http://hdl.handle.net/11351/12303</subfield>
   </datafield>
   <datafield tag="653" ind2=" " ind1=" ">
      <subfield code="a">Avaluació de resultats (Assistència sanitària)</subfield>
   </datafield>
   <datafield tag="653" ind2=" " ind1=" ">
      <subfield code="a">Tuberculosi - Tractament</subfield>
   </datafield>
   <datafield tag="653" ind2=" " ind1=" ">
      <subfield code="a">Resistència als medicaments</subfield>
   </datafield>
   <datafield tag="653" ind2=" " ind1=" ">
      <subfield code="a">Medicaments antituberculosos - Ús terapèutic</subfield>
   </datafield>
   <datafield tag="653" ind2=" " ind1=" ">
      <subfield code="a">ANALYTICAL, DIAGNOSTIC AND THERAPEUTIC TECHNIQUES, AND EQUIPMENT::Diagnosis::Prognosis::Treatment Outcome</subfield>
   </datafield>
   <datafield tag="653" ind2=" " ind1=" ">
      <subfield code="a">CHEMICALS AND DRUGS::Chemical Actions and Uses::Pharmacologic Actions::Therapeutic Uses::Anti-Infective Agents::Anti-Bacterial Agents::Antitubercular Agents</subfield>
   </datafield>
   <datafield tag="653" ind2=" " ind1=" ">
      <subfield code="a">Other subheadings::Other subheadings::Other subheadings::/drug therapy</subfield>
   </datafield>
   <datafield tag="653" ind2=" " ind1=" ">
      <subfield code="a">CHEMICALS AND DRUGS::Chemical Actions and Uses::Pharmacologic Actions::Therapeutic Uses::Anti-Infective Agents::Anti-Bacterial Agents::Antitubercular Agents</subfield>
   </datafield>
   <datafield tag="653" ind2=" " ind1=" ">
      <subfield code="a">Other subheadings::Other subheadings::/therapeutic use</subfield>
   </datafield>
   <datafield tag="653" ind2=" " ind1=" ">
      <subfield code="a">TÉCNICAS Y EQUIPOS ANALÍTICOS, DIAGNÓSTICOS Y TERAPÉUTICOS::diagnóstico::pronóstico::resultado del tratamiento</subfield>
   </datafield>
   <datafield tag="653" ind2=" " ind1=" ">
      <subfield code="a">ENFERMEDADES::infecciones bacterianas y micosis::infecciones bacterianas::infecciones por bacterias grampositivas::infecciones por Actinomycetales::micobacteriosis::tuberculosis::tuberculosis resistente a múltiples medicamentos</subfield>
   </datafield>
   <datafield tag="653" ind2=" " ind1=" ">
      <subfield code="a">Otros calificadores::Otros calificadores::Otros calificadores::/farmacoterapia</subfield>
   </datafield>
   <datafield tag="653" ind2=" " ind1=" ">
      <subfield code="a">COMPUESTOS QUÍMICOS Y DROGAS::acciones y usos químicos::acciones farmacológicas::usos terapéuticos::antiinfecciosos::antibacterianos::antituberculosos</subfield>
   </datafield>
   <datafield tag="653" ind2=" " ind1=" ">
      <subfield code="a">Otros calificadores::Otros calificadores::/uso terapéutico</subfield>
   </datafield>
   <datafield ind2="0" ind1="0" tag="245">
      <subfield code="a">A non-randomized pragmatic historically controlled trial evaluating the effectiveness and safety of a bedaquiline or a linezolid-based short regimen for rifampicin-resistant tuberculosis</subfield>
   </datafield>
</record></metadata></record></GetRecord></OAI-PMH>